| Tag |
First Indicator |
Second Indicator |
Subfields |
| LEADER |
00000cam a2200000Mi 4500 |
| 001 |
in00003565607 |
| 006 |
m o d |
| 007 |
cr mnu---uuaaa |
| 008 |
110630s1998 sz o 000 0 eng |
| 005 |
20260421165556.2 |
| 020 |
|
|
|a 9783034888257 (electronic bk.)
|
| 020 |
|
|
|a 3034888252 (electronic bk.)
|
| 020 |
|
|
|z 9783034897884
|
| 020 |
|
|
|z 303489788X
|
| 020 |
|
|
|z 3034888252
|
| 035 |
|
|
|a (OCoLC)851768368
|
| 040 |
|
|
|a AU@
|b eng
|c AU@
|d OCLCO
|d GW5XE
|d OCLCF
|d UtOrBLW
|
| 049 |
|
|
|a TXAM
|
| 050 |
|
4 |
|a R1
|
| 072 |
|
7 |
|a MB
|2 bicssc
|
| 072 |
|
7 |
|a MED000000
|2 bisacsh
|
| 082 |
0 |
4 |
|a 610
|2 23
|
| 100 |
1 |
|
|a Kremer, Joel M.
|
| 245 |
1 |
0 |
|a Medicinal Fatty Acids in Inflammation /
|c edited by Joel M. Kremer.
|
| 264 |
|
1 |
|a Basel :
|b Birkhäuser Basel :
|b Imprint: Birkhäuser,
|c 1998.
|
| 300 |
|
|
|a 1 online resource (x, 148 pages)
|
| 336 |
|
|
|a text
|b txt
|2 rdacontent
|
| 337 |
|
|
|a computer
|b c
|2 rdamedia
|
| 338 |
|
|
|a online resource
|b cr
|2 rdacarrier
|
| 490 |
1 |
|
|a Progress in inflammation research
|
| 520 |
|
|
|a This volume is a unique assembly of contributions focusing on the biochemical, immunological and clinical benefits of n-3 fatty acids in inflammation. The work is a higly accessible, one-of-a-kind source which will well serve lipid researchers, graduate students, dieticians and members of the food industry.
|
| 500 |
|
|
|a Electronic resource.
|
| 650 |
|
0 |
|a Medicine.
|
| 650 |
|
7 |
|a Medicine.
|2 fast
|0 (OCoLC)fst01014893
|
| 655 |
|
7 |
|a Electronic books.
|2 local
|
| 710 |
2 |
|
|a SpringerLink (Online service)
|
| 776 |
1 |
8 |
|i Print version:
|z 9783034897884
|
| 830 |
|
0 |
|a PIR (Series)
|
| 856 |
4 |
0 |
|u http://proxy.library.tamu.edu/login?url=https://link.springer.com/10.1007/978-3-0348-8825-7
|z Connect to the full text of this electronic book
|t 0
|
| 994 |
|
|
|a 92
|b TXA
|
| 999 |
|
|
|a MARS
|
| 999 |
f |
f |
|s e29bb4e8-4e1d-3d45-9beb-cbe25d79f691
|i 062b6e0a-2025-3b4f-8a4e-3fc896b39bb9
|t 0
|
| 952 |
f |
f |
|a Texas A&M University
|b College Station
|c Electronic Resources
|s www_evans
|d Available Online
|t 0
|e R1
|h Library of Congress classification
|
| 998 |
f |
f |
|a R1
|t 0
|l Available Online
|